• 首页
  • 本馆介绍
  • 公告通知
  • 最新文献
  • 馆藏检索
  • 电子资源
  • 读者导购
  • 参考咨询
  • 我的图书馆
  • 登录
  • 详细信息显示
  • 放入我的书架
  • 预约/预借图书
  • 作者相关作品
  • 分类相关作品
  • 丛书相关作品
  • 出版社相关作品

书目信息

  • 表格格式
  • 工作单格式
  • 卡片格式
题名:
自闭症儿童社会规则训练
    
 
作者: 奥图尔 著 ;倪萍萍 译
分册:  
出版信息: 北京   中国轻工业出版社  2016
页数: 264页
开本: 24cm
丛书名:
单 册:
中图分类: G76
科图分类:
主题词: 缄默症--儿童教育--特殊教育--家庭教育
电子资源:
ISBN: 978-7-5184-0798-9
000 01135nam0 2200241 450
001 1487
005 20180522124301.91
010    @a978-7-5184-0798-9@dCNY46.00
100    @a20160506d2016 em y0chiy50 ea
101 1  @achi@ceng
102    @aCN@b110000
105    @aa z 000yy
200 1  @a自闭症儿童社会规则训练@9zi bi zheng er tong she hui gui ze xun lian@b专著@dThe asperkid''s secret book of social rules: the handbook of not-so-obvious social guidelines for tweens and teens with asperger syndrome@zeng@f(美)Jennifer Cook O''Toole著@g倪萍萍译
210    @a北京@c中国轻工业出版社@d2016
215    @a264页@c图@d24cm
330    @a本书从日常社会生活的角度,告诉家长如何对自闭症儿童进行社会规则训练,帮助自闭症儿童更好地适应社会生活。
510 1  @aAsperkid''s secret book of social rules: the handbook of not-so-obvious social guidelines for tweens and teens with asperger syndrome@zeng
606 0  @a缄默症@x儿童教育@x特殊教育@x家庭教育
690    @aG76@v5
701  0 @c(美)@a奥图尔@9ao tu er@c(O''Toole, Jennifer Cook)@4著
702  0 @a倪萍萍@9ni ping ping@4译
801  0 @aCN@b91MARC@c20160516
905    @aMuseLib@dG76@e103
    
    自闭症儿童社会规则训练=The asperkid''s secret book of social rules: the handbook of not-so-obvious social guidelines for tweens and teens with asperger syndrome/(美)Jennifer Cook O''Toole著/倪萍萍译.-北京:中国轻工业出版社,2016
    264页:图;24cm
    
    
    ISBN 978-7-5184-0798-9:CNY46.00
    本书从日常社会生活的角度,告诉家长如何对自闭症儿童进行社会规则训练,帮助自闭症儿童更好地适应社会生活。
●
相关链接 在E读中查询图书 在五车中查询图书 在当当中查询图书 在豆瓣中查询图书


正题名:自闭症儿童社会规则训练     索取号:G76/103         预约/预借

序号 登录号 条形码 馆藏地/架位号 状态 备注
1 1104804   211048043   第一样本阅览室/ [索取号:G76/103] 在馆    
2 1104805   211048052   教育系资料室/ [索取号:G76/103] 在馆    
3 1104806   211048061   教育系资料室/ [索取号:G76/103] 在馆    
4 1104807   211048070   教育系资料室/ [索取号:G76/103] 在馆    
5 1104808   211048089   第四借阅区/ [索取号:G76/103] 在馆    
6 1104809   211048098   第四借阅区/ [索取号:G76/103] 在馆    
唐山师范学院图书馆 欢迎您!
大连网信软件有限公司© 版权所有